Central Library OPAC University of Rajshahi

Tafsir-ul-Qurʼan : (Record no. 32469)

MARC details
000 -LEADER
fixed length control field 00848nam a2200265 a 4500
001 - CONTROL NUMBER
control field 32469
003 - CONTROL NUMBER IDENTIFIER
rucl marc code BD-RjUL
005 - DATE AND TIME OF LATEST TRANSACTION
control field 20211209051835.0
008 - FIXED-LENGTH DATA ELEMENTS--GENERAL INFORMATION
fixed length control field 181007s1991 pk b 001 0 eng d
035 ## - SYSTEM CONTROL NUMBER
System control number (BD-RjUL)32558
040 ## - CATALOGING SOURCE
Original cataloging agency DLC
Transcribing agency TxFS
Modifying agency OCoLC
-- BD-RjUL
Language of cataloging eng
041 1# - LANGUAGE CODE
Language code of text/sound track or separate title engara
082 00 - DEWEY DECIMAL CLASSIFICATION NUMBER
Classification number 297.1226
Author mark and year TAF V-1-V-4 1991
Edition number 23
245 14 - TITLE STATEMENT
Title Tafsir-ul-Qurʼan :
Remainder of title Translation and commentary of the Holy Qurʼan
Statement of responsibility, etc. by Maulana Abdul Majid Daryabadi
250 ## - EDITION STATEMENT
Edition statement 1st ed.
260 ## - PUBLICATION, DISTRIBUTION, ETC. (IMPRINT)
Place of publication, distribution, etc. Karachi:
Name of publisher, distributor, etc. Darul-Ishaat,
Date of publication, distribution, etc. 1991
300 ## - PHYSICAL DESCRIPTION
Pagination 4 v. ;
Size 24 cm.
504 ## - BIBLIOGRAPHY, ETC. NOTE
Bibliography, etc Includes bibliographical references and index
505 0# - FORMATTED CONTENTS NOTE
Formatted contents note Vol. 1 --v. 2 --v. 3-- v. 4
650 ## - SUBJECT ADDED ENTRY--TOPICAL TERM
Topical term or geographic name as entry element Quran
9 (RLIN) 117108
General subdivision Commentaries.
Topical term or geographic name as entry element Koran.
9 (RLIN) 117106
General subdivision Commentaries.
700 ## - ADDED ENTRY--PERSONAL NAME
Personal name Daryabadi, Abdul Majid , tr.
942 ## - ADDED ENTRY ELEMENTS (KOHA)
Source of classification or shelving scheme Dewey Decimal Classification
Koha item type Rare Books
Holdings
Lost status Source of classification or shelving scheme Damaged status Not for loan Collection code Permanent Location Current Location Shelving location Date acquired Source of acquisition Cost, normal purchase price Total Checkouts Full call number Date last seen Copy number Koha item type
  Dewey Decimal Classification   Not For Loan Rare Books Central Library, University of Rajshahi Central Library, University of Rajshahi Rare Book Section 06/05/1992 Abacus books, London 24.22   RA 297.1226 TAF V-1 1991 07/10/2018 C-1 Rare Books
  Dewey Decimal Classification   Not For Loan Rare Books Central Library, University of Rajshahi Central Library, University of Rajshahi Rare Book Section 06/05/1992 Abacus books, London 24.22   RA 297.1226 TAF V-2 1991 07/10/2018 C-1 Rare Books
  Dewey Decimal Classification   Not For Loan Rare Books Central Library, University of Rajshahi Central Library, University of Rajshahi Rare Book Section 06/05/1992 Abacus books, London 24.22   RA 297.1226 TAF V-3 1991 07/10/2018 C-1 Rare Books
  Dewey Decimal Classification   Not For Loan Rare Books Central Library, University of Rajshahi Central Library, University of Rajshahi Rare Book Section 06/05/1992 Abacus books, London 24.22   RA 297.1226 TAF V-4 1991 07/10/2018 C-1 Rare Books